Niszowe rośliny jadalne #1 - Statystyki

Ogólne statystyki
  • Ten quiz został rozwiązany 4 razy
  • Średni wynik to 6 z 10
Statystyki odpowiedzi
Obrazkowy Odpowiedź % Poprawnych
star fruit
100%
głóg
75%
miechunka peruwiańska
75%
morwa
75%
rokitnik
75%
malina moroszka
50%
okra
50%
pomelo
25%
tomatillo
25%
tangelo
0%
Nie znaleziono quizów pasujących do podanych kryteriów
Rozkład punktacji
Procent ludzi z każdym wynikiem
Percentyl według liczby udzielonych odpowiedzi
Twoja historia wyników
Nie rozwiązałeś tego quizu